Представление документа в формате RUSMARC

ПолеНазваниеЗначение
  Тип записи c
  Библиографический уровень m
001 Контрольный номер UONB/MAIN/06faa1d7117748e5894daefb8de9f06d
005 Дата корректировки 20251205111209.5
010 Индекс ISBN __
d Цена 50 к.
9 Тираж 10000 экз.
071 Издательские номер (звукозапись и ноты) 21
a Номер, присвоенный агентством 12744
100 Данные общей обработки __
a Данные общей обработки 20220513b1984 m##y0rusy0189 ca
101 Язык документа 0_
a Язык текста rus
f Язык титульного листа rus
102 Страна публикации __
a Страна публикации RU
125 Кодированные данные звукозаписи и нотных изданий __
a Форма изложения нотного текста a
128 Кодированные данные (звукозаписи-физические характеристики) __
a Кодированные данные: Музыкальная форма и тональность или лад ai
c Инструменты или голоса, рекомендуемые для солистов (устаревшее) vu
200 Заглавие и сведения об ответственности 1_
a Заглавие Вып. 99
g Последующие сведения об ответственности перелож. для вокально-инструм. ансамбля С. Маги
f Первые сведения об ответственности сост. А. Терехин
208 Область специфических сведений: ноты __
a Форма изложения нотного текста Партитура
210 Выходные данные 1_
d Дата издания 1984
215 Физическое описание __
d Формат 29 см
a Объем 35 с. включ. обл.
327 Примечание о содержании 11
a Примечание о содержании Содерж. : Ермишев П. Мой край родной / сл. М. Владимова. - Птичкин Е. Ты только верь / сл. Д. Филимонова. - Соловьев-Седой В. Баллада о солдате / сл. М. Матусовского. - Газизов Р. Перед рассветом / сл. Ю. Деля. - Лепин А. Если б гармошка умела... : из кф. "Солдат Иван Бровкин" / сл. А. Фатьянова. - Островская Т. Ты в памяти моей / сл. Л. Воропаевой. - Голиков В. Простая песенка / сл. В. Татаринова.
461 Уровень набора _0
1 2001
a Поем и танцуем
b Ноты
v Вып. 99
1 2101
a М.
c Музыка
d 1965 -
1 001UONB/MAIN/4fde9fb1b77a4474bcd01598adf6aca3
464 Аналитический уровень _0
1 700 1
a Ермишев
b П.
1 2001
a Мой край родной
e Край родной, ты с малых лет всегда со мной...
1 702 1
a Владимов
b М.
4 520
464 Аналитический уровень _0
1 700 1
b Птичкин
a Е.
1 2001
a Ты только верь
e Верь, наступит час...
1 702 1
a Филимонов
b Д.
4 520
464 Аналитический уровень _0
1 700 1
a Соловьев-Седой
b В.
1 2001
a Баллада о солдате
e Полем, вдоль берега крутого...
1 702 1
a Матусовск
b М.
4 520
464 Аналитический уровень _0
1 700 1
a Газизов
b Р.
1 2001
a Перед рассветом
e На земле этой ночью тишина и покой...
1 702 1
a Дель
b Ю.
4 520
464 Аналитический уровень _0
1 50010
a Солдат Иван Бровкин
i Если б гармошка умела...
1 2001
a Если б гармошка умела...
e Не для тебя ли в садах наших вишни...
e из кф. "Солдат Иван Бровкин"
1 700 1
a Лепин
b А.
1 702 1
a Фатьянов
b А.
4 520
464 Аналитический уровень _0
1 700 1
a Островская
b Т.
1 2001
a Ты в памяти моей
e Ты в памяти моей...
1 702 1
a Воропаева
b Л.
4 520
464 Аналитический уровень _0
1 700 1
a Голиков
b В.
1 2001
a Простая песенка
e Ты помнишь первую ночевку...
1 702 1
a Владимиров
b А.
4 520
512 Заглавие обложки 1_
a Заглавие обложки Поем и танцуем
606 Тематические рубрики 0_
a Основная рубрика Вокально-инструментальные ансамбли
x Основная подрубрика Песни советских композиторов
x Основная подрубрика Лирические песни
x Основная подрубрика Эстрадные песни советских композиторов
x Основная подрубрика Песни о Великой Отечественной войне
610 Ключевые слова 0_
a Ключевые слова эстрадные песни; танцевальная музыка; лирические песни; песни советских композиторов; вокально-инструментальные ансамбли; солдаты - песни
686 Индексы других классификаций __
2 Код системы rubbk
a Классификационный индекс 85.942.8-094(2)я43П
702 Вторичная интеллектуальная ответственность _1
a Фамилия Мага
b Имя (инициалы) С.
4 Код отношения 030
702 Вторичная интеллектуальная ответственность _1
a Фамилия Терехин
b Имя (инициалы) А.
4 Код отношения 220
801 Источник записи _0
a Страна RU
b Организация Ульяновская ОНБ
c Дата составления 20220513
g Правила каталогизации RCR
801 Источник записи _1
a Страна RU
b Организация Ульяновская ОНБ
c Дата составления 20220513
g Правила каталогизации RCR
901 Тип документа __
t Тип документа n
w Контрольный № источника UONB/MAIN/4fde9fb1b77a4474bcd01598adf6aca3
909 Создатель записи __
a Создатель записи Никитина Т. А.